Serbians in the Top 100 ATP/WTA Rankings - Statistics

General Stats
  • This quiz has been taken 159 times
    29 since last reset
  • The average score is 4 of 5
Answer Stats
ATP/WTA # Birthplace Player % Correct
ATP 6 Belgrade Novak Djokovic
100%
WTA 34 Belgrade Olga Danilović
86%
ATP 46 Belgrade Miomir Kecmanović
79%
ATP 59 Senta Laslo Djere
71%
ATP 74 Novi Pazar Hamad Medjedovic
64%
No matching quizzes found
Score Distribution
Percent of People with Each Score
Percentile by Number Answered
Your Score History
You have not taken this quiz since the last reset